<?xml version="1.0" encoding="UTF-8"?>
<marc:record xmlns:marc="http://www.loc.gov/MARC21/slim">
   <marc:leader>00000nam a2200000 a 4500</marc:leader>
   <marc:datafield ind1="1" ind2=" " tag="100">
      <marc:subfield code="a">Herbert, Lenny</marc:subfield>
      <marc:subfield code="4">aut</marc:subfield>
      <marc:subfield code="e">Verfasser/-in</marc:subfield>
   </marc:datafield>
   <marc:datafield ind1=" " ind2=" " tag="653">
      <marc:subfield code="a">2-5 Spieler</marc:subfield>
   </marc:datafield>
   <marc:datafield ind1=" " ind2=" " tag="653">
      <marc:subfield code="a">Taktikspiel</marc:subfield>
   </marc:datafield>
   <marc:datafield ind1=" " ind2=" " tag="653">
      <marc:subfield code="a">Legespiel</marc:subfield>
   </marc:datafield>
   <marc:datafield ind1="0" ind2="0" tag="245">
      <marc:subfield code="a">Chill &amp; Chili</marc:subfield>
   </marc:datafield>
   <marc:datafield ind1="0" ind2="0" tag="245">
      <marc:subfield code="b">mit Wasser wird's krasser</marc:subfield>
   </marc:datafield>
   <marc:datafield ind1="0" ind2="0" tag="245">
      <marc:subfield code="c">Herbert, Lenny</marc:subfield>
   </marc:datafield>
   <marc:datafield ind1=" " ind2="1" tag="264">
      <marc:subfield code="a">Berlin [u.a.]</marc:subfield>
      <marc:subfield code="b">Schmidt Spiele GmbH</marc:subfield>
      <marc:subfield code="c">2017</marc:subfield>
   </marc:datafield>
   <marc:datafield ind1="1" ind2=" " tag="520">
      <marc:subfield code="a">Schlag dich wacker auf dem Acker und bewirtschafte dein Gemüsefeld geschickt. Denn jeder Spieler besitzt einen Bauernhof und ist bemüht, möglichst ertragreiches Gemüse auf seinen Feldern anzubauen. Je nach Sorte wird dazu eine bestimmte Anzahl an Gemüsekarten benötigt, die am Markt erworben werden können. Das angepflanzte Gemüse sorgt dann für Siegpunkte. Auch Zubehör wie Schubkarre, Dünger oder Vogelscheuche können hilfreich sein. Doppelte Siegpunkte bekommen die Spieler, wenn sie ihr Gemüse gut gewässert haben. Da heißt es, geschickt anpflanzen und zum richtigen Zeitpunkt den Mitspielern das Wasser abgraben. (Verlagstext)</marc:subfield>
   </marc:datafield>
   <marc:datafield ind1="3" ind2=" " tag="024">
      <marc:subfield code="a">4001504493387</marc:subfield>
   </marc:datafield>
   <marc:datafield ind1=" " ind2=" " tag="041">
      <marc:subfield code="a">ger</marc:subfield>
   </marc:datafield>
   <marc:datafield ind1="1" ind2=" " tag="521">
      <marc:subfield code="a">8+</marc:subfield>
   </marc:datafield>
   <marc:datafield ind1=" " ind2=" " tag="338">
      <marc:subfield code="a">Gegenstand</marc:subfield>
   </marc:datafield>
   <marc:datafield ind1=" " ind2=" " tag="300">
      <marc:subfield code="a">1 Spiel, 1 Teich, 120 Wasser-/Münzchips, 110 Karten, 1 Markttableau, 1 Preisstreifen, 1 Brunnen, 1 Spielanleitung</marc:subfield>
   </marc:datafield>
</marc:record>
